[Event "AUTO-OPEN-2281"]
[Site "http://www.queenalice.com/game.php?id=907560"]
[Date "2011.3.2"]
[Round "1"]
[White "FranciscoJavier"]
[Black "pomar"]
[Result "1-0"]
[WhiteElo "2179"]
[BlackElo "2021"]

1. d4 e6 2. c4 d5 3. Nc3 Bb4 4. f3 a6 5. e3 dxc4 6. Bxc4 b5 7. Bd3 Bb7 8. Ne2
Nf6 9. a4 c6 10. O-O Nbd7 11. e4 c5 12. axb5 cxd4 13. Nxd4 Bc5 14. Be3 axb5 15.
Rxa8 Bxa8 16. Bxb5 O-O 17. Na4 Ba7 18. Qe2 Nb6 19. Nc5 Nbd7 20. Ncxe6 fxe6 21.
Nxe6 Bxe3+ 22. Qxe3 Qb6 23. Qxb6 Nxb6 24. Nxf8 Kxf8 25. Ra1 Bb7 26. b4 Nc8 27.
Rc1 Nd6 28. Ba4 Nfe8 29. e5 Nf5 30. Rd1 Ne7 31. Rd8 Nc6 32. Rd7 Ba8 33. e6 Nxb4
34. Rf7+ Kg8 35. Bxe8 Bd5 36. Rf4 Na6 37. e7 Nc7 38. Rf8# 1-0

[Event "AUTO-OPEN-2281"]
[Site "http://www.queenalice.com/game.php?id=907581"]
[Date "2011.3.2"]
[Round "1"]
[White "ventooeste"]
[Black "FranciscoJavier"]
[Result "0-1"]
[WhiteElo "1385"]
[BlackElo "2191"]

1. d4 Nf6 2. g3 d5 3. Bg2 e6 4. Bg5 Be7 5. Bxf6 Bxf6 6. Nf3 c5 7. e3 Qb6 8. b3
Qa6 9. Qd2 O-O 10. Bf1 Qb6 11. c3 Nd7 12. Na3 Be7 13. Nc2 Nf6 14. Bg2 cxd4 15.
Nfxd4 e5 16. Ne2 Bf5 17. O-O Rac8 18. Ne1 Rfd8 19. Kh1 Ne4 0-1

[Event "AUTO-OPEN-2281"]
[Site "http://www.queenalice.com/game.php?id=907582"]
[Date "2011.3.2"]
[Round "1"]
[White "FranciscoJavier"]
[Black "ventooeste"]
[Result "1-0"]
[WhiteElo "2190"]
[BlackElo "1387"]

1. d4 d5 2. Nf3 Nf6 3. Bf4 Nc6 4. e3 Nh5 5. Bg5 Bg4 6. h3 Bxf3 7. Qxf3 Nf6 8.
Bxf6 gxf6 9. c4 Qd6 10. Nc3 dxc4 11. Bxc4 O-O-O 12. Bxf7 Nb4 13. O-O Kb8 14. a3
Na6 15. b4 e5 16. b5 exd4 17. bxa6 Qxa6 18. exd4 Rxd4 19. Bd5 c6 20. Qxf6 1-0

[Event "AUTO-OPEN-2281"]
[Site "http://www.queenalice.com/game.php?id=907595"]
[Date "2011.3.2"]
[Round "1"]
[White "FranciscoJavier"]
[Black "clovis"]
[Result "1-0"]
[WhiteElo "2160"]
[BlackElo "2111"]

1. d4 d5 2. Nf3 Nf6 3. Bf4 Bf5 4. e3 e6 5. Bd3 Bxd3 6. Qxd3 Bd6 7. O-O Bxf4 8.
exf4 Nbd7 9. Re1 O-O 10. Nbd2 c5 11. c3 cxd4 12. Qxd4 b6 13. f5 e5 14. Nxe5 Re8
15. Nc6 Qc7 16. Ne7+ Kf8 17. Nxd5 Nxd5 18. Qxd5 Nf6 19. Qb5 Ng4 20. Qb4+ 1-0

[Event "AUTO-OPEN-2281"]
[Site "http://www.queenalice.com/game.php?id=907596"]
[Date "2011.3.2"]
[Round "1"]
[White "clovis"]
[Black "FranciscoJavier"]
[Result "0-1"]
[WhiteElo "2033"]
[BlackElo "2171"]

1. e4 c6 2. d4 d5 3. Bd3 dxe4 4. Bxe4 Nf6 5. Nc3 Nxe4 6. Nxe4 Qd5 7. Qf3 Bf5 8.
Nc3 Qxf3 9. Nxf3 Bxc2 10. O-O e6 11. Bf4 Nd7 12. Ne5 Bf5 13. a3 Nb6 14. b4 f6
15. Nf3 g5 16. Bg3 O-O-O 17. b5 h5 18. h3 g4 19. hxg4 hxg4 20. Nh4 Rxd4 21. bxc6
bxc6 22. Nxf5 exf5 23. Rfc1 Rd7 24. a4 Rdh7 25. Kf1 Ba3 26. Rcb1 Bb2 27. Rxb2
Rh1+ 28. Ke2 Rxa1 29. Nd1 Re8+ 30. Ne3 Rxa4 0-1

[Event "AUTO-OPEN-2225"]
[Site "http://www.queenalice.com/game.php?id=945905"]
[Date "2011.6.4"]
[Round "2"]
[White "FranciscoJavier"]
[Black "gmvilela"]
[Result "0-1"]
[WhiteElo "2045"]
[BlackElo "2147"]

1. d4 d5 2. Bf4 Nf6 3. e3 Bf5 4. c4 c6 5. Nc3 e6 6. Qb3 Qc8 7. Nf3 Be7 8. Be2
O-O 9. O-O Ne4 10. Nxe4 Bxe4 11. a4 a5 12. cxd5 exd5 13. Ne5 Na6 14. Bg4 f5 15.
f3 fxg4 16. fxe4 Nb4 17. Bg3 Qe6 18. exd5 cxd5 19. Rac1 Bg5 0-1

[Event "AUTO-OPEN-2225"]
[Site "http://www.queenalice.com/game.php?id=945906"]
[Date "2011.6.4"]
[Round "2"]
[White "gmvilela"]
[Black "FranciscoJavier"]
[Result "1-0"]
[WhiteElo "2154"]
[BlackElo "2170"]

1. e4 c6 2. d4 d5 3. exd5 cxd5 4. c4 Nf6 5. Nc3 e6 6. Nf3 Be7 7. c5 O-O 8. Bf4
b6 9. b4 bxc5 10. bxc5 Ne4 11. Nxe4 dxe4 12. Ne5 Nd7 13. Nc6 1-0

[Event "AUTO-OPEN-2225"]
[Site "http://www.queenalice.com/game.php?id=945907"]
[Date "2011.6.4"]
[Round "2"]
[White "FranciscoJavier"]
[Black "cunha"]
[Result "0-1"]
[WhiteElo "2063"]
[BlackElo "2834"]

1. d4 Nf6 2. Bf4 c5 3. e3 cxd4 4. exd4 Qb6 5. Nc3 Qxb2 6. Nb5 Na6 7. a3 Nd5 8.
Bd2 Nac7 9. Rb1 Qa2 10. Qc1 Nxb5 11. Ra1 Qxa1 12. Qxa1 Nd6 13. c4 Nf6 14. Bd3 e6
15. Nf3 b6 0-1

[Event "AUTO-ADV-2034"]
[Site "http://www.queenalice.com/game.php?id=952914"]
[Date "2011.6.22"]
[Round "2"]
[White "AASGUAIRA"]
[Black "FranciscoJavier"]
[Result "1-0"]
[WhiteElo "2222"]
[BlackElo "2158"]

1. d4 Nf6 2. Nf3 d5 3. Bf4 Bf5 4. e3 e6 5. Be2 Bd6 6. Bxd6 Qxd6 7. O-O h6 8.
Nbd2 O-O 9. h3 Nbd7 10. c4 Rae8 11. Qb3 1-0

[Event "AUTO-ADV-2034"]
[Site "http://www.queenalice.com/game.php?id=952915"]
[Date "2011.6.22"]
[Round "2"]
[White "FranciscoJavier"]
[Black "vcc1982"]
[Result "0-1"]
[WhiteElo "2089"]
[BlackElo "2252"]

1. d4 Nf6 2. Bf4 e6 3. e3 d5 4. Nf3 c5 5. c3 Nc6 6. Nbd2 cxd4 7. exd4 Be7 8. Ne5
O-O 9. Bd3 Bd6 10. O-O Ne7 11. Qf3 Ng6 12. Nxg6 fxg6 13. Bxd6 Qxd6 14. Qe2 Bd7
0-1

[Event "AUTO-ADV-2034"]
[Site "http://www.queenalice.com/game.php?id=952916"]
[Date "2011.6.22"]
[Round "2"]
[White "vcc1982"]
[Black "FranciscoJavier"]
[Result "1-0"]
[WhiteElo "2244"]
[BlackElo "2100"]

1. c4 c5 2. Nf3 Nf6 3. e3 Nc6 4. d4 cxd4 5. exd4 d5 6. cxd5 Nxd5 7. Bb5 Qa5+ 8.
Nc3 Nxc3 9. Bxc6+ bxc6 10. Qd2 Ba6 11. bxc3 e6 12. Ne5 Bd6 13. f4 O-O 14. Nxc6
Qd5 15. Ne5 Bxe5 16. dxe5 Rfd8 17. Qxd5 Rxd5 18. Be3 1-0